000 00747nam a2200205Ii 4500
001 7832
003 CO-ViMGA
008 241108s9999||||xx |||||||||||||| ||und||
040 _aCO-ViMGA
_bspa
_erda
_cCO-ViMGA
041 0 _aunk
082 0 4 _aC861.08-P63a
110 1 _aRecopilador Hernández de Alba, Guillermo
_957400
245 1 0 _aPoemas en Alabanza de los defensores de Cartagena de Indias en 1741; Recopilador Guillermo Hernández de Alba
264 1 _a[Lugar de publicación no identificado] : Imprenta Patriótica del Instituto Caro y Cuervo, 1982
300 _avolumen
336 _atext
_btxt
_2rdacontent
337 _aunmediated
_bn
_2rdamedia
338 _avolume
_bnc
_2rdacarrier
940 _aidficha_siabuc: 7657. -- ficha_no_siabuc:7832
999 _c56214
_d56214